000 00582nam a2200193 i 4500
001 bg
100 1 _aFOMIN, V. N.
245 0 _aMatematiceskaja teorija parametriceskogo rezonansa v linejnych paspredelennych sistemach /
_cV.N. Fomin.
260 _aLeningrad :
_bIzdat. Leningr. Univers.,
_c1972.
300 _as. 239, nlb. 1 :
_brys., tsb.
500 _aLeningrad....Universitet...
500 _a[Alf. ros.].
504 _a[Zawiera bibliogr. s. 232-238].
040 _cBPK
041 _apol
080 _a51:531
942 _cKS
008 s pl f |000 0 pol
999 _c15203
_d15203
856 _uhttp://koha.tu.koszalin.pl/cgi-bin/koha/opac-detail.pl?biblionumber=15203
_yKatalog online BPK